History of Torrington, Connecticut, (Record no. 52544)

MARC details
000 -LEADER
fixed length control field 00678cam a22002051 4500
001 - CONTROL NUMBER
control field rc 01003310
003 - CONTROL NUMBER IDENTIFIER
control field DLC
005 - DATE AND TIME OF LATEST TRANSACTION
control field 20260227111909.0
008 - FIXED-LENGTH DATA ELEMENTS--GENERAL INFORMATION
fixed length control field 750530s1878 xx 000 0 eng
010 ## - LIBRARY OF CONGRESS CONTROL NUMBER
LC control number rc 01003310
035 ## - SYSTEM CONTROL NUMBER
System control number (OCoLC)1362940
040 ## - CATALOGING SOURCE
Original cataloging agency DLC
Transcribing agency CtU
Modifying agency DLC
042 ## - AUTHENTICATION CODE
Authentication code premarc
050 00 - LIBRARY OF CONGRESS CALL NUMBER
Classification number F104
Item number .T7
100 1# - MAIN ENTRY--PERSONAL NAME
Personal name Orcutt, Samuel,
Dates associated with a name 1824-1893.
245 00 - TITLE STATEMENT
Title History of Torrington, Connecticut,
Remainder of title from its first settlement in 1737, with biographies and genealogies.
Statement of responsibility, etc. By Rev. Samuel Orcutt.
260 ## - PUBLICATION, DISTRIBUTION, ETC.
Place of publication, distribution, etc. Albany,
Name of publisher, distributor, etc. J. Munsell, printer,
Date of publication, distribution, etc. 1878.
300 ## - PHYSICAL DESCRIPTION
Extent vii, [1] 817 p.
Dimensions front., illus., plates, ports.
-- 24 cm.
651 #0 - SUBJECT ADDED ENTRY--GEOGRAPHIC NAME
Geographic name Torrington (Conn.)
General subdivision History.

No items available.

Powered by Koha